000 00745nam a22002175i 4500
001 168919
003 ES-MaACL
005 20230906213928.0
008 080625s1987 sp |||| | spa d
020 _a84-398-9288-8
080 _a821.134.2 Doreste, Ventura 7 Veintiún poemas
100 1 _aNuez, Sebastián de la.
_986128
245 1 0 _aComentario a "Veintiún poemas" [de] Ventura Doreste /
_cSebastián de la Nuez.
260 _aLas Palmas de Gran Canaria :
_bAlegranza,
_c[1987]
300 _a18 p. ;
_c20 cm.
490 1 _aAlegranza viva ;
_v5
600 1 4 _aDoreste, Ventura-
_xCrítica e interpretación.
_9138047
830 0 _aAlegranza viva ;
_v5
_9188826
852 _aES-MaACL
_j2203-F-28
_9R.116085
999 _c168919
_d168919